00395nam a22001457a 4500003000400000008004100004082001700045100002300062245006000085260003200145300000900177502001500186650003100201650001700232OSt260427b |||||||| |||| 00| 0 eng d a633.84bS48V aSingh, Binay Kumar aVariability Study in Summer Chilli (Capsicum annuum L.) aPusa, SamastipurbRAUc1991 a78P. bMsc.d1991 aVegetable and Floriculture aHorticulture